000 00475nam a2200181Ia 4500
001 11129
005 20260306161923.0
008 260306t2009||||xx |||||||||||||| ||spa||
041 _aESP
082 _a985.009
_bH72
100 _aClub Nacional
_eAUT
245 0 _aHomenaje al Inca Garcilaso de la Vega en el IV Centenario de los Comentarios Reales
260 _c2009
300 _a207 páginas :
_c21cm.
650 _aGEN
654 _aCHU
942 _cLIB
_dJUS
_fJUS
_2ddc
_n
999 _c11129
_d11129